000 011110000a22003010004500
003 EG-GICUC
005 20250223032158.0
008 070313s2003 ua d f m 000 0 eng d
040 _aEG-GICUC
_beng
_cEG-GICUC
041 0 _aEng
049 _aDeposite
097 _aM.Sc
099 _aCai01.13.04.M.Sc.2003.Ta.D
100 0 _aTarek Ahmed Elbeheiry
245 1 0 _aCorrosion prention and steam quality improvement in boiler plants cairo oil refining company /
_cTarek Ahmed Elbeheiry ; Supervised Omar Elfarouk
246 1 5 _aتعديل تصميم غلايات البخار لمنع التاكل وتوفير الطاقة
260 _aCairo :
_bTarek Ahmed Elbeheiry ,
_c2003
300 _a233P :
_bcharts ;
_c30cm
502 _aThesis (M.Sc.) - Cairo University - Faculty Of Engineering - Department Of Chemical Engineering
530 _aIssued also as CD
653 4 _aCorrosion prention
653 4 _aquality improvement
700 0 _aOmar Elfarouk ,
_eSupervisor
856 _uhttp://172.23.153.220/th.pdf
905 _aAmira
_eCataloger
905 _aEsam
_eRevisor
942 _2ddc
_cTH
999 _c69889
_d69889